Central Library OPAC University of Rajshahi

Sigmund Freud, an introduction : (Record no. 68113)

MARC details
000 -LEADER
fixed length control field 00896nam a2200265 a 4500
001 - CONTROL NUMBER
control field 68113
003 - CONTROL NUMBER IDENTIFIER
rucl marc code BD-RjUL
005 - DATE AND TIME OF LATEST TRANSACTION
control field 20211209081731.0
008 - FIXED-LENGTH DATA ELEMENTS--GENERAL INFORMATION
fixed length control field 170330r19501947nyu b 001 0 eng
020 ## - INTERNATIONAL STANDARD BOOK NUMBER
International Standard Book Number 0836953746
035 ## - SYSTEM CONTROL NUMBER
System control number (BD-RjUL)68322
040 ## - CATALOGING SOURCE
Original cataloging agency DLC
Transcribing agency DLC
Modifying agency BD-RjUL
Language of cataloging eng
041 ## - LANGUAGE CODE
Language code of text/sound track or separate title eng
082 00 - DEWEY DECIMAL CLASSIFICATION NUMBER
Classification number 150.1952
Edition number 23
Author mark and year HOS 1950
100 1# - MAIN ENTRY--PERSONAL NAME
Personal name Hollitscher, Walter.
9 (RLIN) 201918
245 00 - TITLE STATEMENT
Title Sigmund Freud, an introduction :
Remainder of title a presentation of his theory, and a discussion of the relationship between psychoanalysis and sociology /
260 ## - PUBLICATION, DISTRIBUTION, ETC. (IMPRINT)
Place of publication, distribution, etc. Freeport, N.Y. :
Name of publisher, distributor, etc. Books for Libraries Press,
Date of publication, distribution, etc. 1947,[Second impression 1950]
300 ## - PHYSICAL DESCRIPTION
Pagination viii, 119 p. ;
Size 23 cm.
500 ## - GENERAL NOTE
General note Reprint of the 1947 ed.
504 ## - BIBLIOGRAPHY, ETC. NOTE
Bibliography, etc Bibliography: p. 100-116.
600 10 - SUBJECT ADDED ENTRY--PERSONAL NAME
Personal name Freud, Sigmund,
Dates associated with a name 1856-1939.
650 #0 - SUBJECT ADDED ENTRY--TOPICAL TERM
Topical term or geographic name as entry element Psychoanalysis.
9 (RLIN) 201919
Topical term or geographic name as entry element Sociology.
9 (RLIN) 201920
942 ## - ADDED ENTRY ELEMENTS (KOHA)
Source of classification or shelving scheme Dewey Decimal Classification
Koha item type Books
Holdings
Lost status Source of classification or shelving scheme Damaged status Not for loan Collection code Permanent Location Current Location Shelving location Date acquired Source of acquisition Cost, normal purchase price Total Checkouts Full call number Date last seen Copy number Koha item type
  Dewey Decimal Classification   Not For Loan Non-fiction Central Library, University of Rajshahi Central Library, University of Rajshahi Reading Room 02/10/1955 U.B.D. 6.10   150.1952 HOS 1950 30/03/2017 C-1 Books